000 00654nam a2200253Ia 4500
003 OSt
005 20221006145000.0
006 a|||||r|||| 00| 0
007 ta
008 221006b |||||||| |||| 00| 0 eng d
020 _a1555872875
_c
_35.00
024 _a13,412
037 _cTextual
040 _aEASL
_cEASL
_beng
041 _2eng
_aeng
082 _aV4313.N75, N2
100 _aCHEN Min
245 0 _aStrategic triangle and regional conflict
260 _aBoulder
_bLynne Rienner Pub.
_c1992
300 _a229p.
_ccm.
490 _v Oth
942 _hV4313.N75, N2
_cTEXL
_2CC
999 _c1081498
_d1081498